000
00309nam a2200133Ia 4500
003
OSt
005
20220107122718.0
008
130620s9999 xx 000 0 und d
040
_c
IIITM-K
100
_a
Marymol Joseph
_9
1056
245
_a
Automated audit tool
650
_a
FILE AUDITING
_9
1057
942
_2
ddc
_c
PR
999
_c
3100
_d
3100